| 000 | 00701nac a22001691u 4500 | ||
|---|---|---|---|
| 008 | 080914s1998 xxu||||| |||| 00| 0 ara d | ||
| 020 | _a9770158682 | ||
| 082 |
_a327.1 _bن ا ف |
||
| 245 |
_aحوارات للتاريخ مع ملوك ورؤساء الدول والحكومات في مصر والعالم / _cإبراهيم نافع |
||
| 260 |
_aالقاهرة : _bالهيئة المصرية العامة للكتاب ، _c1998. |
||
| 300 |
_a452 ص ؛ _c24 سم. _bايض : |
||
| 511 | _aCatalogued by: Sara | ||
| 650 |
_aالسياسة الدولية _917594 |
||
| 650 |
_aالمقابلات الصحفية _921028 |
||
| 650 |
_aالملوك والحكام _916087 |
||
| 942 |
_cBB _k327.1 ن ا ف _2ddc |
||
| 999 |
_c6365 _d6365 |
||